000 00568nam a2200217Ia 4500
003 OSt
005 20221005123756.0
006 a|||||r|||| 00| 0
007 ta
008 221004b |||||||| |||| 00| 0 eng d
024 _a32257
037 _cTextual
040 _aCRL
_cCRL
_beng
041 _2eng
_aeng
082 _a9073vN2`, J4.1
100 _aParrington Vernon Louis
_952992
245 0 _aMain currents in American thought.
260 _c1954
942 _h9073vN2`, J4.1
_cTEXL
_2cc
999 _c1048434
_d1048434